Minahij al-aleem fi riyaz al-tafal fi asar al-malumat (Record no. 1465790)

MARC details
000 -LEADER
fixed length control field 00692 a2200217 4500
005 - DATE AND TIME OF LATEST TRANSACTION
control field 20260429104951.0
008 - FIXED-LENGTH DATA ELEMENTS--GENERAL INFORMATION
fixed length control field 260429b |||||||| |||| 00| 0 eng d
020 ## - INTERNATIONAL STANDARD BOOK NUMBER
International Standard Book Number 9789776475564 (hbk)
037 ## - SOURCE OF ACQUISITION
Terms of availability TB
040 ## - CATALOGING SOURCE
Original cataloging agency AL
Transcribing agency AL
041 ## - LANGUAGE CODE
Source of code ARB
Language code of text/sound track or separate title ARB
084 ## - COLON CLASSIFICATION NUMBER
Classification number T1 28Q4
Assigning agency AL
100 ## - MAIN ENTRY--PERSONAL NAME
Personal name Daib, Ranida Mustafa
9 (RLIN) 854030
245 ## - TITLE STATEMENT
Title Minahij al-aleem fi riyaz al-tafal fi asar al-malumat
260 ## - PUBLICATION, DISTRIBUTION, ETC.
Place of publication, distribution, etc. Cairo, Egypt:
Name of publisher, distributor, etc. Darul nabagha,
Date of publication, distribution, etc. 2014.
300 ## - PHYSICAL DESCRIPTION
Extent 278p.
365 ## - TRADE PRICE
Price amount 910.00
Currency code INR
650 ## - SUBJECT ADDED ENTRY--TOPICAL TERM
Topical term or geographic name entry element Education
942 ## - ADDED ENTRY ELEMENTS (KOHA)
Koha item type Textbook
Source of classification or shelving scheme Colon Classification (CC)
Classification part T1 28Q4
Holdings
Withdrawn status Lost status Source of classification or shelving scheme Damaged status Not for loan Home library Current library Date acquired Source of acquisition Cost, normal purchase price Inventory number Total Checkouts Full call number Barcode Date last seen Cost, replacement price Price effective from Koha item type
    Colon Classification (CC)     Arts Library Arts Library 2025-12-19 Nadwi Publications 728.00 2016 & 16.12.2025   T1 28Q4 AL1805095 2025-12-19 910.00 2025-12-19 Textbook
Copyright @ Delhi University Library System